书目信息 |
| 题名: |
用赤诚的心育完全的人
|
|
| 作者: | 陈欣 著 | |
| 分册: | ||
| 出版信息: | 南京 江苏凤凰教育出版社 2021 |
|
| 页数: | 437页 | |
| 开本: | 24cm | |
| 丛书名: | ||
| 单 册: | ||
| 中图分类: | G632.0-53 | |
| 科图分类: | ||
| 主题词: | 中学教育--教育研究--文集 | |
| 电子资源: | ||
| ISBN: | 978-7-5499-9544-8 | |
| 000 | 01010nam0 2200229 450 | |
| 001 | 012001002276 | |
| 005 | 20140202131940.0 | |
| 010 | @a978-7-5499-9544-8@dCNY68.00 | |
| 100 | @a20220905d2021 em y0chiy50 ea | |
| 101 | 0 | @achi |
| 102 | @aCN@b320000 | |
| 105 | @aa z 000yy | |
| 106 | @ar | |
| 200 | 1 | @a用赤诚的心育完全的人@Ayong chi cheng de xin yu wan quan de ren@f陈欣著 |
| 210 | @a南京@c江苏凤凰教育出版社@d2021 | |
| 215 | @a437页@c图,照片@d24cm | |
| 330 | @a本书是作者作为教师、教育行政人员和校长近30年职业生活的真实写照。他把自己的身心完整地、静静地安放在校园里,安放在学生和教师的日常生活与学习中。书中有一条主线一以贯之,就是“对学生一生幸福负责,为学生终身发展奠基”。“培育人,发展人,成就人”是作者始终坚守的“初心”,由此形成了自己独有的一种生活方式:想为学生、教师所想,做为学生、教师所做,并把这一件事做到极致。 | |
| 606 | 0 | @a中学教育@x教育研究@j文集 |
| 690 | @aG632.0-53@v5 | |
| 701 | 0 | @a陈欣@Achen xin@4著 |
| 801 | 0 | @aCN@bAHXH@c20221111 |
| 905 | @b1367823-7@dG632.0-53@e1372@f5 | |
| 用赤诚的心育完全的人/陈欣著.-南京:江苏凤凰教育出版社,2021 |
| 437页:图,照片;24cm |
| ISBN 978-7-5499-9544-8:CNY68.00 |
| 本书是作者作为教师、教育行政人员和校长近30年职业生活的真实写照。他把自己的身心完整地、静静地安放在校园里,安放在学生和教师的日常生活与学习中。书中有一条主线一以贯之,就是“对学生一生幸福负责,为学生终身发展奠基”。“培育人,发展人,成就人”是作者始终坚守的“初心”,由此形成了自己独有的一种生活方式:想为学生、教师所想,做为学生、教师所做,并把这一件事做到极致。 |
| ● |
| 相关链接 |
|
|
|
|
正题名:用赤诚的心育完全的人
索取号:G632.0-53/1372
 
预约/预借
| 序号 | 登录号 | 条形码 | 馆藏地/架位号 | 状态 | 备注 |
| 1 | 1367823 | 213678233 | 第一样本阅览室/ [索取号:G632.0-53/1372] | 在馆 | |
| 2 | 1367824 | 213678242 | 教育系资料室/ [索取号:G632.0-53/1372] | 在馆 | |
| 3 | 1367825 | 213678251 | 教育系资料室/ [索取号:G632.0-53/1372] | 在馆 | |
| 4 | 1367826 | 213678260 | 第四借阅区/ [索取号:G632.0-53/1372] | 在馆 | |
| 5 | 1367827 | 213678279 | 第四借阅区/ [索取号:G632.0-53/1372] | 在馆 |